• 首页
  • 本馆介绍
  • 公告通知
  • 最新文献
  • 馆藏检索
  • 电子资源
  • 读者导购
  • 参考咨询
  • 我的图书馆
  • 登录
  • 详细信息显示
  • 放入我的书架
  • 预约/预借图书
  • 作者相关作品
  • 分类相关作品
  • 丛书相关作品
  • 出版社相关作品

书目信息

  • 表格格式
  • 工作单格式
  • 卡片格式
题名:
老梁故事汇
    
 
作者: 梁宏达 著
分册:  
出版信息: 北京   作家出版社  2016
页数: 362页
开本: 24cm
丛书名:
单 册:
中图分类: I247.81 , K811
科图分类:
主题词: 故事--gu shi--作品集--中国--当代 , 作品集--zuo pin ji , 中国--zhong guo
电子资源:
ISBN: 978-7-5063-8338-7
000 00956nam0 22002891 450
001 0102093627
005 20170402093627.0
010    @a978-7-5063-8338-7@dCNY39.00
100    @a20151120d2016 em y0chiy50 ea
101 0  @achi
102    @aCN@b110000
105    @ay z 000fc
106    @ar
200 1  @a老梁故事汇@Alao liang gu shi hui@e名流大家@f梁宏达著
210    @a北京@c作家出版社@d2016
215    @a362页@d24cm
330    @a本书分为国际巨星、港台明星、实力红人、影视教父、体坛名人、神坛传奇等部分,主要包括:无与伦比的秀兰·邓波儿、美艳女神苏菲·玛索、“叛逆女神”安吉丽娜·朱莉、高仓健的情感悲剧等。
333    @a大众读者
517 1  @a历史春秋@Ali shi chun qiu
606 0  @a故事@Agu shi@x作品集@y中国@z当代
606 0  @a作品集@Azuo pin ji
606 0  @a中国@Azhong guo
690    @aI247.81@v5
690    @aK811@v5
701  0 @a梁宏达@Aliang hong da@4著
801  0 @aCN@bTANGWEI@c20170308
905    @b0964358-61@dI247.81@e506@f4
    
    老梁故事汇:名流大家/梁宏达著.-北京:作家出版社,2016
    362页;24cm
    使用对象:大众读者
    
    ISBN 978-7-5063-8338-7:CNY39.00
    本书分为国际巨星、港台明星、实力红人、影视教父、体坛名人、神坛传奇等部分,主要包括:无与伦比的秀兰·邓波儿、美艳女神苏菲·玛索、“叛逆女神”安吉丽娜·朱莉、高仓健的情感悲剧等。
●
相关链接 在E读中查询图书 在五车中查询图书 在当当中查询图书 在豆瓣中查询图书


正题名:老梁故事汇     索取号:I247.81/506         预约/预借

序号 登录号 条形码 馆藏地/架位号 状态 备注
1 0964358   209643581   第一样本阅览室/ [索取号:I247.81/506] 在馆    
2 0964359   209643590   第二借阅区/ [索取号:I247.81/506] 在馆    
3 0964360   209643607   第二借阅区/ [索取号:I247.81/506] 在馆    
4 0964361   209643616   第二借阅区/ [索取号:I247.81/506] 在馆    
唐山师范学院图书馆 欢迎您!
大连网信软件有限公司© 版权所有